|
|
|
|
| LEADER |
01174nab a2200313 i 4500 |
| 001 |
publ28316 |
| 005 |
20231204105634.0 |
| 008 |
230926s2023 hu o 0|| Angol d |
| 022 |
|
|
|a 2195-1071
|
| 024 |
7 |
|
|a 10.1002/adom.202300825
|2 doi
|
| 024 |
7 |
|
|a 34094896
|2 mtmt
|
| 040 |
|
|
|a SZTE Publicatio Repozitórium
|b hun
|
| 041 |
|
|
|a Angol
|
| 100 |
1 |
|
|a Samu Gergely Ferenc
|
| 245 |
1 |
4 |
|a The Effect of Halide Composition on the Luminescent Properties of Ternary Cesium–Copper Halide Pseudo-Perovskite Films
|h [elektronikus dokumentum] /
|c Samu Gergely Ferenc
|
| 260 |
|
|
|c 2023
|
| 300 |
|
|
|a 9
|
| 490 |
0 |
|
|a ADVANCED OPTICAL MATERIALS
|v 11 No. 21
|
| 650 |
|
4 |
|a Kémiai tudományok
|
| 700 |
0 |
1 |
|a Zsigmond Tamás Sándor
|e aut
|
| 700 |
0 |
1 |
|a Hajdu Cintia
|e aut
|
| 700 |
0 |
1 |
|a Hunyadi Mátyás
|e aut
|
| 700 |
0 |
1 |
|a Csige Lóránt
|e aut
|
| 700 |
0 |
1 |
|a Csík Attila
|e aut
|
| 700 |
0 |
1 |
|a Kopniczky Judit
|e aut
|
| 700 |
0 |
1 |
|a Hopp Béla
|e aut
|
| 700 |
0 |
1 |
|a Janáky Csaba
|e aut
|
| 856 |
4 |
0 |
|u http://publicatio.bibl.u-szeged.hu/28316/3/34094896_megjelent.pdf
|z Dokumentum-elérés
|
| 856 |
4 |
0 |
|u http://publicatio.bibl.u-szeged.hu/28316/1/AdvancedOpticalMaterials-2023-Samu.pdf
|z Dokumentum-elérés
|